000 00805cam a22002771 4500
001 sa 68001142
003 DLC
005 20260227112430.0
008 710903s1967 ii k 000 0 eng
010 _asa 68001142
025 _aPL480:I-E-8940
040 _aDLC
_cDLC
_dDLC
041 0 _aengmar
043 _aa-ii---
050 0 0 _aHD5070.P6
_bA75
082 0 0 _a331.1/16/0954792
100 1 _aApte, M. D.
245 1 0 _aWage scales and employment conditions;
_ban analytical study,
_cby M. D. Apte.
260 _aPoona,
_bIndustrial & Management Services
_c[1967]
300 _a1 v.
_bforms.
_c28 cm.
350 _aRs130
500 _aCover title.
500 _aEnglish and Marathi.
650 0 _aWages
_zIndia
_zPune
_vCase studies.
650 0 _aIndustrial relations
_zIndia
_zPune
_vCase studies.
999 _c77739
_d77739